KIEP Research Paper (Record no. 7180)

MARC details
000 -LEADER
fixed length control field 00447nas a22001817i 4500
001 - CONTROL NUMBER
control field 8578
003 - CONTROL NUMBER IDENTIFIER
control field OSt
005 - DATE AND TIME OF LATEST TRANSACTION
control field 20170216211015.0
007 - PHYSICAL DESCRIPTION FIXED FIELD--GENERAL INFORMATION
fixed length control field tu
008 - FIXED-LENGTH DATA ELEMENTS--GENERAL INFORMATION
fixed length control field 161220s xxu||||| |||| 00| 0 d
024 7# - OTHER STANDARD IDENTIFIER
Standard number or code 8578
Source of number or code RID
024 7# - OTHER STANDARD IDENTIFIER
Standard number or code 6222
Source of number or code RSN (alt)
040 ## - CATALOGING SOURCE
Transcribing agency OSt
110 2# - MAIN ENTRY--CORPORATE NAME
Corporate name or jurisdiction name as entry element Korea Institute For International Economic Policy
245 00 - TITLE STATEMENT
Title KIEP Research Paper
260 ## - PUBLICATION, DISTRIBUTION, ETC.
Place of publication, distribution, etc. Seoul :
Name of publisher, distributor, etc. KIEP.
866 #0 - TEXTUAL HOLDINGS--BASIC BIBLIOGRAPHIC UNIT
-- einzelne Hefte vorhanden, nicht katalogisiert
942 ## - ADDED ENTRY ELEMENTS (KOHA)
Koha item type Paper

No items available.

The Vienna Instiute for International Economic Studies (wiiw)